00317nam a2200133Ia 4500008004100000041000800041082000800049100002200057245004200079260002500121300000800146542001500154650001400169220531s9999 xx 000 0 und d aeng bDEV aDevi, Jyotirmoyee aRiver Churning : A Partition Of Novel bKali for womenc1995 a133 d23-06-1998 aSociology